000 00325nam a22001457a 4500
020 _a81-207-3188-3
082 _a900
_bRAO/W
100 _aRAO, B.V
245 _aWORLD HISTORY
250 _aTHIRD EDITION
260 _aDELHI
_bSTERLING PUBLISHERS
_c2006
300 _a414
650 _aHISTORY REFERENCE
_zINDIA
942 _cBK
999 _c1588
_d1588